Derecho de obligaciones y contratos : (Record no. 125507)

MARC details
000 -LEADER
fixed length control field 00704nam a22001937a 4500
005 - DATE AND TIME OF LATEST TRANSACTION
control field 20170220080955.0
008 - FIXED-LENGTH DATA ELEMENTS--GENERAL INFORMATION
fixed length control field 170203b mx||||| |||| 00| 0 spa d
020 ## - INTERNATIONAL STANDARD BOOK NUMBER
International Standard Book Number 8476762666
050 04 - LIBRARY OF CONGRESS CALL NUMBER
Classification number KKT810
Item number N86 1994
100 1# - MAIN ENTRY--PERSONAL NAME
Personal name Nuñez Tomás,María José,
Relator term autor
245 10 - TITLE STATEMENT
Title Derecho de obligaciones y contratos :
Remainder of title temas de derecho civil a los programas de notarías y registros /
Statement of responsibility, etc María José Nuñez Tomá.
250 ## - EDITION STATEMENT
Edition statement Primera edición
260 ## - PUBLICATION, DISTRIBUTION, ETC. (IMPRINT)
Place of publication, distribution, etc Barcelona, España :
Name of publisher, distributor, etc BOSCH,Casa editorial,
Date of publication, distribution, etc 1994
300 ## - PHYSICAL DESCRIPTION
Extent 469 páginas ;
Dimensions 27 cm.
504 ## - BIBLIOGRAPHY, ETC. NOTE
Bibliography, etc Incluye bibliografía e índice
650 #7 - SUBJECT ADDED ENTRY--TOPICAL TERM
Source of heading or term lemb
Topical term or geographic name as entry element Obligaciones (Derecho)
Geographic subdivision España
650 #7 - SUBJECT ADDED ENTRY--TOPICAL TERM
Source of heading or term lemb
Topical term or geographic name as entry element Contratos
Geographic subdivision México
942 ## - ADDED ENTRY ELEMENTS (KOHA)
Source of classification or shelving scheme Biblioteca del Cogreso de los Estados Unidos
Koha item type Libro
Holdings
Estado de pérdida Fuente de clasificación Estado del daño No para préstamo Ubicación permanente Ubicación actual Apartado o colección Fecha de adquisición Edición Enumeración de Serie / Cronológica Dependencia de educación superior (DES) Área del conocimiento Clasificación Código de Barras Date last seen Número de copia Tipo de recurso
  Biblioteca del Cogreso de los Estados Unidos     Biblioteca de la Facultad de Derecho y Ciencias Sociales "Felipe J. Tena" Biblioteca de la Facultad de Derecho y Ciencias Sociales "Felipe J. Tena" General 03/02/2017 1a ed. BFD000008527 Derecho Ciencias Sociales y Administrativas KKT810 N86 1994 BFD000008527 03/02/2017 1 Libro